• 首页
  • 本馆介绍
  • 公告通知
  • 最新文献
  • 馆藏检索
  • 电子资源
  • 读者导购
  • 参考咨询
  • 我的图书馆
  • 登录
  • 详细信息显示
  • 放入我的书架
  • 预约/预借图书
  • 作者相关作品
  • 分类相关作品
  • 丛书相关作品
  • 出版社相关作品

书目信息

  • 表格格式
  • 工作单格式
  • 卡片格式
题名:
新时代背景下幼儿园中华优秀传统文化教育
    
 
作者: 陈红梅 主编 ;胡秀玲 著
分册:   理论指导
出版信息: 武汉   长江少年儿童出版社  2019.06
页数: 184页
开本: 26cm
丛书名:
单 册:
中图分类: G613.2
科图分类:
主题词: 中华文化--教学研究--学前教育
电子资源:
ISBN: 978-7-5560-9152-2
000 01094nam0 2200241 450
001 0103152655
005 20201103152732.0
010    @a978-7-5560-9152-2@dCNY48.00
100    @a20200408d2019 em y0chiy50 ea
101 0  @achi
102    @aCN@b420000
105    @aa z 000yy
106    @ar
200 1  @a新时代背景下幼儿园中华优秀传统文化教育@Axin shi dai bei jing xia you er yuan zhong hua you xiu chuan tong wen hua jiao yu@i理论指导@f陈红梅主编@g陈红梅,胡秀玲著
210    @a武汉@c长江少年儿童出版社@d2019.06
215    @a184页@c图@d26cm
330    @a本书从理论层面为幼儿园教师介绍了中华优秀传统文化启蒙教育的相关理论背景和实践操作策略。书中共七章,主要内容包括:幼儿园开展中华优秀传统文化教育的概述、幼儿园开展中华优秀传统文化教育的原则、适合幼儿园的中华优秀传统文化教育资源、幼儿园开展中华优秀传统文化教育的实施策略、幼儿园开展中华优秀传统文化教育的保障等。
606 0  @a中华文化@x教学研究@x学前教育
690    @aG613.2@v5
701  0 @a陈红梅@Achen hong mei@4主编@4著
702  0 @a胡秀玲@Ahu xiu ling@4著
801  0 @aCN@bBJSZM@c20201103
905    @b1257076-80@dG613.2@e1079@f5
    
    新时代背景下幼儿园中华优秀传统文化教育.理论指导/陈红梅主编/陈红梅,胡秀玲著.-武汉:长江少年儿童出版社,2019.06
    184页:图;26cm
    
    
    ISBN 978-7-5560-9152-2:CNY48.00
    本书从理论层面为幼儿园教师介绍了中华优秀传统文化启蒙教育的相关理论背景和实践操作策略。书中共七章,主要内容包括:幼儿园开展中华优秀传统文化教育的概述、幼儿园开展中华优秀传统文化教育的原则、适合幼儿园的中华优秀传统文化教育资源、幼儿园开展中华优秀传统文化教育的实施策略、幼儿园开展中华优秀传统文化教育的保障等。
●
相关链接 在E读中查询图书 在五车中查询图书 在当当中查询图书 在豆瓣中查询图书


正题名:新时代背景下幼儿园中华优秀传统文化教育     索取号:G613.2/1079         预约/预借

序号 登录号 条形码 馆藏地/架位号 状态 备注
1 1257076   212570760   第一样本阅览室/ [索取号:G613.2/1079] 在馆    
2 1257077   212570779   教育系资料室/ [索取号:G613.2/1079] 在馆    
3 1257078   212570788   教育系资料室/ [索取号:G613.2/1079] 在馆    
4 1257079   212570797   第四借阅区/ [索取号:G613.2/1079] 在馆    
5 1257080   212570804   第四借阅区/ [索取号:G613.2/1079] 在馆    
唐山师范学院图书馆 欢迎您!
大连网信软件有限公司© 版权所有